Understanding environmental pollution and management/
Gespeichert in:
| 1. Verfasser: | |
|---|---|
| Format: | Buch |
| Sprache: | Englisch |
| Veröffentlicht: |
: University of Lagos press
2018
|
| Tags: |
Tag hinzufügen
Keine Tags, Fügen Sie den ersten Tag hinzu!
|
MARC
| LEADER | 00000nam a22000007a 4500 | ||
|---|---|---|---|
| 008 | 210818b ||||| |||| 00| 0 eng d | ||
| 020 | |a ISBN: 978-978-562810-3-9 | ||
| 100 | |a OTITOLOJU, Adebayo A. | ||
| 245 | |a Understanding environmental pollution and management/ |c / Adebayo A. Otitoloju |g . xv, 459p.; ill. | ||
| 260 | |b : University of Lagos press |c 2018 |h Lagos: |i 685510-SCI |i 685511-TEC |i 685512 |i 685513 |l TD187.5 .Ot4 |m 1. Pollution. |m 2. Environmental protection |m I. Title. | ||
| 500 | |a “It includes index and references | ||
| 942 | |a ddc |c BK |e jj. o. ifatola |f 18/ 08/ 2021 | ||
| 952 | |0 0 |1 0 |2 lcc |4 0 |6 TD01875 O T4 |7 0 |9 3114 |a SL |b HOL |c QZ |d 2021-08-18 |l 0 |o TD187.5 .Ot4 |p 2021-66812 |r 2021-08-18 00:00:00 |w 2021-08-18 |y BK | ||
| 952 | |0 0 |1 0 |2 lcc |4 0 |6 TD01875 O T4 |7 0 |9 3115 |a SL |b TL |c QZ |d 2021-08-18 |l 0 |o TD187.5 .Ot4 |p 2021-66813 |r 2021-08-18 00:00:00 |w 2021-08-18 |y BK | ||
| 952 | |0 0 |1 0 |2 lcc |4 0 |6 TD01875 O T4 |7 0 |9 3116 |a SL |b HOL |c QZ |d 2021-08-18 |l 0 |o TD187.5 .Ot4 |p 2021-66814 |r 2021-08-18 00:00:00 |w 2021-08-18 |y BK | ||
| 952 | |0 0 |1 0 |2 lcc |4 0 |6 TD01875 O T4 |7 0 |9 3117 |a SL |b HOL |c QZ |d 2021-08-18 |l 0 |o TD187.5 .Ot4 |p 2021-66815 |r 2021-08-18 00:00:00 |w 2021-08-18 |y BK | ||
| 999 | |c 1578 |d 1578 | ||